| 000 | 00627nam a2200193Ii 4500 | ||
|---|---|---|---|
| 003 | JO-AjNU | ||
| 008 | 230605s9999||||xx |||||||||||||| ||und|| | ||
| 040 |
_aJO-AjNU _bara _erda _cJO-AjNU |
||
| 041 | _aara | ||
| 050 | 1 | 4 | _aQA76.73.F25 H872 1983 |
| 100 | 3 |
_aالحسيني، عبد الحسن, _eauthor _934946 |
|
| 245 | 0 | 0 | _aالمساعد في البرمجة |
| 264 | 3 | 1 | _aدار القلم:بيروت، 1983 |
| 300 | _a167ص | ||
| 336 |
_atext _btxt _2rdacontent |
||
| 337 |
_aunmediated _bn _2rdamedia |
||
| 338 |
_avolume _bnc _2rdacarrier |
||
| 650 | 4 |
_aالبرمجة- الحاسبات الالكترونية _934947 |
|
| 999 |
_aA14379 _c17947 _d17947 |
||